Kandydaci na prezydenta RP 2025 - Statystyki

Ogólne statystyki
  • Ten quiz został rozwiązany 1 534 razy
  • Średni wynik to 11 z 13
Statystyki odpowiedzi
Partia Kandydat % Poprawnych
PO Rafał Trzaskowski
99%
Konfederacja WiN Sławomir Mentzen
97%
- Karol Nawrocki
95%
Polska 2050 Szymon Hołownia
95%
Konfederacja KP Grzegorz Braun
94%
- Magdalena Biejat
91%
- Joanna Senyszyn
88%
- Adrian Zandberg
81%
- Krzysztof Stanowski
80%
- Maciej Maciak
76%
Federacja dla Rzeczypospolitej Marek Jakubiak
70%
Bezpartyjni Samorządowcy Marek Woch
66%
- Artur Bartoszewicz
48%
Nie znaleziono quizów pasujących do podanych kryteriów
Rozkład punktacji
Procent ludzi z każdym wynikiem
Percentyl według liczby udzielonych odpowiedzi
Twoja historia wyników
Nie rozwiązałeś tego quizu